Les titres de From Zero (Linkin park) - Statistiques

Statistiques générales
  • Ce quiz a été pris 42 fois
  • Le résultat moyen est 8 sur 11
Statistiques - réponses
Hint Réponse % Correct
2 The Emptiness Machine
100%
4 Heavy Is The Crown
97%
6 Casualty
80%
3 Cut The Bridge
80%
5 Over Each Other
80%
8 Two Faced
74%
7 Overflow
66%
9 Stained
66%
10 IGYEIH
63%
11 Good things go
60%
1 From Zero (intro)
54%
Aucun quiz correspondant
Distribution des résultats
% des personnes avec chaque résultat
Percentile par nombre de réponses
Votre historique - résultats
Vous n’avez pas pris ce quiz